| 000 | 00401nam a2200133 4500 | ||
|---|---|---|---|
| 999 |
_c512357 _d512357 |
||
| 008 | 191119b ||||| |||| 00| 0 eng d | ||
| 100 |
_aKumar, Alok Prasanna _913516 |
||
| 245 | _aFour transfers and one saving grace | ||
| 260 | _bEconomic and Political Weekly | ||
| 300 | _a54(42), 19 Oct, 2019: p.10-12. | ||
| 773 | _aEconomic and Political Weekly | ||
| 906 | _aJudges - India | ||
| 942 |
_2ddc _cAR |
||